000 00317 a2200133 4500
999 _c324963
_d324963
001 89890
003 NUST
082 _a813.54 BRO
100 _aBrown Dan
_99885
245 _aDeception Point
_hEnglish Novel
260 _aGreat Britain
_bCorgi Books
_c2001
300 _a604p.
500 _aGeneral Books
942 _aCAE NUST
_cBK
_k813.54 BRO
_2ddc